Diagnóstico del sistema eléctrico del edificio de Ingeniería Eléctrica; tercer, cuarto, quinto y sexto piso
में बचाया:
| मुख्य लेखक: | |
|---|---|
| अन्य लेखक: | |
| स्वरूप: | पुस्तक |
| भाषा: | Spanish |
| प्रकाशित: |
[San José], Costa Rica
2014
|
| विषय: | |
| टैग: |
टैग जोड़ें
कोई टैग नहीं, इस रिकॉर्ड को टैग करने वाले पहले व्यक्ति बनें!
|
MARC
| LEADER | 00000nam a22000007a 4500 | ||
|---|---|---|---|
| 003 | 012055 | ||
| 005 | 20230628132127.0 | ||
| 008 | 150219b2014 cr a|||| |||| 00| ||spa d | ||
| 040 | |c cru CEDI | ||
| 090 | |a TFG 7221 | ||
| 100 | |9 833 |a Muñoz Pereira, Misael Andrés, 1989- | ||
| 245 | |a Diagnóstico del sistema eléctrico del edificio de Ingeniería Eléctrica; tercer, cuarto, quinto y sexto piso | ||
| 260 | |a [San José], Costa Rica |c 2014 | ||
| 500 | |a Proyecto de graduación (bachillerato en ingeniería eléctrica)-- Universidad de Costa Rica. Facultad de Ingeniería. Escuela de Ingeniería Eléctrica | ||
| 501 | |a Profesor Guía de IE-0499 Proyecto Eléctrico: Ing. Juan Pablo Cruz Ríos | ||
| 610 | 0 | |9 816 |a Universidad de Costa Rica.. Escuela de Ingeniera Eléctrica | |
| 650 | |x INSTALACIONES ELECTRICAS - EVALUACION |x DISTRIBUCION DE ENERGIA ELECTRICA |x SISTEMAS DE ENERGIA ELECTRICA - EVALUACION |x |9 144 | ||
| 700 | |9 748 |a Cruz Ríos, Juan Pablo,1983- |d Director de Proyecto Eléctrico | ||
| 942 | |c CEDI |h TFG 7221 |6 TFG_7221_000000000000000 | ||
| 999 | |c 13556 |d 13556 | ||
